| 000 | 00832nam a2200253 i 4500 | ||
|---|---|---|---|
| 001 | 14551 | ||
| 003 | ES-MaACL | ||
| 005 | 20260203063026.0 | ||
| 007 | t| | ||
| 008 | 990423s1999 sp ||||1| spa d | ||
| 020 | _a84-7785-306-1 | ||
| 080 | _a929 Prados, Emilio | ||
| 080 | _a821.134.2 Prados, Emilio 1.06 | ||
| 100 |
_aBlanco Aguinaga, Carlos, _d1926-2013 _9233594 |
||
| 245 | 1 | 0 |
_aEmilio Prados _b: vida y obra / _cCarlos Blanco Aguinaga. |
| 260 |
_aMálaga : _bCentro Cultural Generación del 27, _c1999. |
||
| 300 |
_a239 p. ; _c22 cm. |
||
| 490 | 1 |
_aEl paraíso desdeñado ; _v8 |
|
| 600 | 1 | 4 |
_aPrados, Emilio, _d1899-1962 _993630 |
| 710 | 2 |
_aCentro Cultural Generación del 27. _92582 |
|
| 830 | 0 |
_aEl paraíso desdeñado ; _v8 _9179487 |
|
| 852 |
_aES-MaACL _jL-21839 _bR.127195 |
||
| 999 |
_c14551 _d14551 |
||